European marketing data and statistics 2010 (Record no. 178103)

MARC details
000 -LEADER
fixed length control field 00432nam a2200157Ia 4500
008 - FIXED-LENGTH DATA ELEMENTS--GENERAL INFORMATION
fixed length control field 191130s2009##################000#0#eng##
020 ## - INTERNATIONAL STANDARD BOOK NUMBER
ISBN 9781842645116
082 ## - DEWEY DECIMAL CLASSIFICATION NUMBER
Classification number 658.83904 EUR
245 ## - TITLE STATEMENT
Title European marketing data and statistics 2010
260 ## - PUBLICATION, DISTRIBUTION, ETC. (IMPRINT)
Place of publication London
Name of publisher Euromonitor International
Year of publication 2009
300 ## - PHYSICAL DESCRIPTION
Number of Pages xiv, 604 p
991 ## -
-- 80067
Holdings
Withdrawn status Lost status Damaged status Not for loan Home library Current library Shelving location Date acquired Full call number Accession Number Price effective from Koha item type
        Anna Centenary Library Anna Centenary Library 6TH FLOOR, B WING 13.10.2020 658.83904 EUR 253365 13.10.2020 English Books

Find us on the map